LEADER 00974nam0-22002891i-450- 001 990006353150403321 005 19980601 035 $a000635315 035 $aFED01000635315 035 $a(Aleph)000635315FED01 035 $a000635315 100 $a19980601d1938----km-y0itay50------ba 105 $a--------00-yy 200 1 $aSulla cosidetta attività privata della Pubblica Amministrazione$e(appunti di diritto francese e recensione)$fFrancesco Di Gennaro. 210 $aMilano$cGiuffré$d1938 215 $a18 p.$d24 cm 463 $d$1200$a"Il Diritto dei Beni Pubblici", anno XIV terza serie, fasc. 3, pagine 259-265 e 271-278 676 $a342.09 700 1$aDi Gennaro,$bFrancesco$0154951 801 0$aIT$bUNINA$gRICA$2UNIMARC 901 $aBK 912 $a990006353150403321 952 $aBUSTA 12 (20) 20$b33911$fFGBC 959 $aFGBC 996 $aSulla cosidetta attività privata della Pubblica Amministrazione$9658330 997 $aUNINA DB $aGIU01 LEADER 01141nam--2200373---450- 001 990003654510203316 005 20120424094304.0 010 $a978-88-6129-651-0 035 $a000365451 035 $aUSA01000365451 035 $a(ALEPH)000365451USA01 035 $a000365451 100 $a20120424d2011----km-y0itay50------ba 101 0 $aita 102 $aIT 105 $aa|||z|||001yy 200 1 $aNigra subucula induti$eimmagine, classicità e questione della razza nella propaganda dell'Italia fascista$fMarco Giuman, Ciro Parodo 210 $aPadova$cCLEUP$d2011 215 $a368 p.$cill.$d24 cm 225 2 $aIthaca 300 $aSegue: Appendice iconografica 410 0$12001$aIthaca 606 0 $aRazzismo$xAtteggiamento [del] Fascismo$yItalia$2BNCF 676 $a305.800945 700 1$aGIUMAN,$bMarco$0477410 701 1$aPARODO,$bCiro$0612174 801 0$aIT$bsalbc$gISBD 912 $a990003654510203316 951 $aX.3.B. 6492$b235231 L.M.$cX.3.$d00309952 959 $aBK 969 $aUMA 979 $aANNAMARIA$b90$c20120424$lUSA01$h0943 996 $aNigra subucula induti$91139939 997 $aUNISA LEADER 00963nam0-22003491i-450 001 990004305460403321 005 20260212122814.0 010 $a88-420-3406-1 035 $a000430546 035 $aFED01000430546 035 $a(Aleph)000430546FED01 035 $a000430546 100 $a19990604d1989----km-y0itay50------ba 101 0 $aita 102 $aIT 105 $ay-------001yy 200 1 $aErasmo$fLeon E.Halkin$gintroduzione di Eugenio Garin 210 $aRoma ; Bari$cLaterza$d1989 215 $aXIII, 406 p.$d21 cm 300 $aTit.orig.: Erasme parmi nous. 676 $a100 700 1$aHalkin,$bLéon-Ernest$f<1906-1998>$0422981 702 1$aGarin,$bEugenio$f<1909-2004> 801 0$aIT$bUNINA$gRICA$2UNIMARC 901 $aBK 912 $a990004305460403321 952 $aSDI-KE 460$b206$fSDI 952 $a191.13 ERAR/S 05$bdip.fil.mod. 4223$fFLFBC 959 $aFLFBC 959 $aSDI 996 $aErasmo$9488462 997 $aUNINA